000 00620nam a2200229Ia 4500
003 OSt
005 20220928133005.0
006 a|||||r|||| 00| 0
007 ta
008 220927b |||||||| |||| 00| 0 eng d
024 _a61299
037 _cTextual
040 _aSDCL
_cSDCL
_beng
041 _2eng
_aeng
082 _aP151:3, P4.2
100 _aVarruchi Hemchand
_9483936
245 0 _aPrakrit vyakaran
_b Bhoomika ainv mul-vyakhya
260 _aDelhi
_bNag Publishers
_c2004
490 _vV2/532p
942 _hP151:3, P4.2
_cTEXL
_2CC
999 _c797160
_d797160